Learning Resource and Development

Power electronics, a first course : (Record no. 29125)

MARC details
000 -LEADER
fixed length control field 05033cam a22003978i 4500
001 - CONTROL NUMBER
control field 22757324
003 - CONTROL NUMBER IDENTIFIER
control field CSPC
005 - DATE AND TIME OF LATEST TRANSACTION
control field 20250312100813.0
008 - FIXED-LENGTH DATA ELEMENTS--GENERAL INFORMATION
fixed length control field 220819s2023 nju b 001 0 eng
010 ## - LIBRARY OF CONGRESS CONTROL NUMBER
LC control number 2022038114
020 ## - INTERNATIONAL STANDARD BOOK NUMBER
International Standard Book Number 9781119818564
Qualifying information (hardback)
040 ## - CATALOGING SOURCE
Original cataloging agency DLC
Language of cataloging eng
Description conventions rda
Transcribing agency DLC
Modifying agency CSPC
042 ## - AUTHENTICATION CODE
Authentication code pcc
050 00 - LIBRARY OF CONGRESS CALL NUMBER
Classification number TK1001
Item number .M5985 2023
082 00 - DEWEY DECIMAL CLASSIFICATION NUMBER
Classification number 621.31
Item number M725p
Edition number 23/eng/20221017
100 1# - MAIN ENTRY--PERSONAL NAME
Personal name Mohan, Ned,
Relator term author.
245 10 - TITLE STATEMENT
Title Power electronics, a first course :
Remainder of title simulations and laboratory implementations /
Statement of responsibility, etc. Ned Mohan and Siddharth Raju.
250 ## - EDITION STATEMENT
Edition statement Second edition.
263 ## - PROJECTED PUBLICATION DATE
Projected publication date 2305
264 #1 - PRODUCTION, PUBLICATION, DISTRIBUTION, MANUFACTURE, AND COPYRIGHT NOTICE
Place of production, publication, distribution, manufacture Hoboken, New Jersey :
Name of producer, publisher, distributor, manufacturer John Wiley & Sons, Inc.,
Date of production, publication, distribution, manufacture, or copyright notice 2023.
300 ## - PHYSICAL DESCRIPTION
Extent xix, 327 pages :
Other physical details illustrations ;
Dimensions 26 cm.
336 ## - CONTENT TYPE
Content type term text
Content type code txt
Source rdacontent
337 ## - MEDIA TYPE
Media type term unmediated
Media type code n
Source rdamedia
338 ## - CARRIER TYPE
Carrier type term volume
Carrier type code nc
Source rdacarrier
504 ## - BIBLIOGRAPHY, ETC. NOTE
Bibliography, etc. note Includes bibliographical references and index.
505 0# - FORMATTED CONTENTS NOTE
Formatted contents note Power electronics: an enabling technology -- Design of switching power-poles -- Switch-mode DC-DC converters: switching analysis, topology selection, and design -- Designing feedback controllers in switch-mode DC power supplies -- Rectification of utility input using diode rectifiers -- Power-factor-correction (PFC) circuits and designing the feedback controller -- Magnetic circuit concepts -- Switch-mode DC power supplies -- Design of high-frequency inductors and transformers -- Soft-switching in DC-DC converters and half-bridge resonant converters -- Applications of switch-mode power electronics in motor drives, uninterruptible power supplies, and power systems -- Synthesis of DC and low-frequency sinusoidal AC voltages for motor drives, UPS and power systems applications -- Thyristor converters -- Utility applications of power electronics.
520 ## - SUMMARY, ETC.
Summary, etc. "Role of Power Electronics in Providing Sustainable Electric Energy As discussed in the introductory chapter of this textbook, power electronics is an enabling technology for powering information technology and making factory automation feasible. In addition, power electronics has a crucial role to play in providing sustainable electric energy. Most scientists now believe that carbon-based fuels for energy production con- tribute to climate change, which is a serious threat facing human civilization. In the United States, the Department of Energy reports that approximately 40% of all the energy consumed is first converted into electricity. Potentially, use of electric and plug-in hybrid cars, high speed rails, and so on may increase this to even 60%. Therefore, it is essential that we generate electricity from renewable sources such as wind and solar, which at present represent only slightly over 4%, build the next-generation smarter and robust grid to utilize renewable resources often in remote locations, and use electricity in more energy-efficient ways. Undoubtedly, using electricity efficiently and generating it from renewable sources are the twin pillars of sustainability, and as described in this textbook, power electronic systems are a key to them both! This textbook focuses on Power Electronic Systems as one of the topics in an integrated Electric Energy Systems curriculum consisting of Power Electronics, Power Systems and Electric Machines and Drives. This textbook follows a top-down systems- level approach to Power Electronics to highlight interrelationships between these sub- fields within this curriculum, and is intended to cover both the fundamentals and practical design in a single-semester course. This textbook follows a building-block approach to power electronics that allows an in-depth discussion of several important topics that are left out in a conventional course, for example, designing feedback control, power-factor-correction circuits, soft- switching, and Space-Vector PWM, which is a PWM technique, far superior to Sine- PWM, to name a few. Topics in this book are carefully sequenced to maintain continuity and student interest throughout the course. In a fast-paced course with proper student background, this book can be covered from front-to-back in one semester. However, the material is arranged in such a way that an instructor, to accommodate the students' background, can either omit an entire topic or cover it quickly to provide just an overview using the accompanying slides, without interrupting the flow"--
Assigning source Provided by publisher.
650 #0 - SUBJECT ADDED ENTRY--TOPICAL TERM
Topical term or geographic name entry element Electric power systems.
650 #7 - SUBJECT ADDED ENTRY--TOPICAL TERM
Topical term or geographic name entry element TECHNOLOGY & ENGINEERING / Power Resources / General.
Source of heading or term bisacsh
700 1# - ADDED ENTRY--PERSONAL NAME
Personal name Raju, Siddharth,
Relator term author.
776 08 - ADDITIONAL PHYSICAL FORM ENTRY
Relationship information Online version:
Main entry heading Mohan, Ned.
Title Power electronics, a first course
Edition Second edition.
Place, publisher, and date of publication Hoboken, New Jersey : John Wiley & Sons, 2023
International Standard Book Number 9781119818571
Record control number (DLC) 2022038115
906 ## - LOCAL DATA ELEMENT F, LDF (RLIN)
a 7
b cbc
c orignew
d 1
e ecip
f 20
g y-gencatlg
942 ## - ADDED ENTRY ELEMENTS (KOHA)
Source of classification or shelving scheme Dewey Decimal Classification
Koha item type Books
Edition 23
Classification part 621.31
Item part M725p
Call number prefix ENG
Call number suffix 2023
Suppress in OPAC No
Holdings
Withdrawn status Lost status Source of classification or shelving scheme Damaged status Not for loan Home library Current library Shelving location Date acquired Total Checkouts Full call number Barcode Date last seen Copy number Price effective from Koha item type
    Dewey Decimal Classification     Main Library Main Library Engineering Section 03/11/2025   ENG 621.31 M725p 2023 029140 03/11/2025 1-1 03/11/2025 Books